[Event "Commonwealth Chess Championship 2008"]
[Site "Nagpur India"]
[Date "2008.09.30"]
[Round "?"]
[White "Varugeese, Koshy"]
[Black "Ziaur, Rahman"]
[Result "1/2-1/2"]
[WhiteElo "2283"]
[BlackElo "2564"]
[PlyCount "88"]
[EventDate "2008.09.28"]
[Source "MonRoi"]

1. c4 e5 2. g3 d6 3. Bg2 Nc6 4. Nc3 Be6 5. d3 Qd7 6. e4 g6 7. Nge2 Bg7 8. Nd5
Nd8 9. h3 c6 10. Ne3 Ne7 11. d4 exd4 12. Nxd4 O-O 13. Rb1 c5 14. Nxe6 fxe6 15.
O-O Ndc6 16. b3 Nd4 17. Bb2 Nec6 18. f4 a6 19. Nc2 Rab8 20. Nxd4 Bxd4+ 21. Kh2
Bxb2 22. Rxb2 Nd4 23. Rbf2 Qg7 24. Qe1 b6 25. e5 dxe5 26. fxe5 Rf5 27. Rxf5
gxf5 28. Qe3 Kh8 29. Rf2 a5 30. a3 Rd8 31. Rd2 Rf8 32. b4 axb4 33. axb4 f4 34.
gxf4 Nf5 35. Qf2 cxb4 36. Rb2 Qe7 37. Qe1 Rg8 38. Rxb4 Qc5 39. Rb2 Qxc4 40. Qf2
b5 41. Bf1 Qc1 42. Rc2 Qd1 43. Rd2 Qc1 44. Rc2 Qa1 1/2-1/2

[Event "Commonwealth Chess Championship 2008"]
[Site "Nagpur India"]
[Date "2008.09.30"]
[Round "?"]
[White "P, Karthikeyan"]
[Black "Abhijeet, Gupta"]
[Result "1/2-1/2"]
[WhiteElo "2402"]
[BlackElo "2551"]
[PlyCount "132"]
[EventDate "2008.09.28"]
[Source "MonRoi"]

1. Nf3 Nf6 2. c4 g6 3. d4 Bg7 4. g3 d5 5. Bg2 dxc4 6. Qa4+ c6 7. Qxc4 O-O 8.
Nbd2 Bf5 9. O-O Nbd7 10. e3 e5 11. dxe5 Ng4 12. e4 Ngxe5 13. Qc2 Bg4 14. h3
Bxf3 15. Nxf3 Nxf3+ 16. Bxf3 Qf6 17. Bg2 Rfe8 18. Be3 Qe6 19. f4 Nb6 20. Rfc1
Rad8 21. a4 Bd4 22. Qf2 c5 23. Bxd4 cxd4 24. Rd1 d3 25. a5 Nc4 26. e5 b6 27.
axb6 Nxb6 28. Ra3 d2 29. Rxa7 Nc4 30. b3 Nb2 31. Rxd2 Nd1 32. Rxd8 Rxd8 33. Qc5
Qxb3 34. Kh2 Qe3 35. Qxe3 Nxe3 36. Ra3 Nxg2 37. Kxg2 h5 38. Kf3 Rd4 39. g4
hxg4+ 40. Kxg4 Rd1 41. Rg3 Rf1 42. h4 Kf8 43. h5 gxh5+ 44. Kf5 Ra1 45. Rh3 Ra6
46. Rxh5 Kg7 47. Rg5+ Kf8 48. Rg1 Rb6 49. Ra1 Ke7 50. Ra4 Kf8 51. Rc4 Ra6 52.
Kg5 Rg6+ 53. Kf5 Ra6 54. Rc8+ Ke7 55. Rb8 Rc6 56. Rb7+ Ke8 57. Rb4 Ra6 58. Rc4
Ke7 59. Rb4 Ke8 60. Rd4 Ke7 61. Re4 Rc6 62. Ra4 Rb6 63. Ke4 f6 64. Ra7+ Ke8 65.
Rh7 fxe5 66. f5 Kf8 1/2-1/2

[Event "Commonwealth Chess Championship 2008"]
[Site "Nagpur India"]
[Date "2008.09.30"]
[Round "?"]
[White "Guy, West"]
[Black "R R, Laxman"]
[Result "1/2-1/2"]
[WhiteElo "2342"]
[BlackElo "2498"]
[PlyCount "80"]
[EventDate "2008.09.28"]
[Source "MonRoi"]

1. e4 e5 2. Bc4 Nf6 3. d3 c6 4. Nf3 d5 5. Bb3 Bd6 6. Nc3 dxe4 7. Ng5 O-O 8.
Ncxe4 Nxe4 9. Nxe4 Bb4+ 10. c3 Be7 11. O-O Bf5 12. Re1 Nd7 13. d4 Bg6 14. Ng3
exd4 15. Qxd4 Nc5 16. Qxd8 Rfxd8 17. Be3 Kf8 18. Bd4 Bd6 19. Bc4 b5 20. Be2 Nd3
21. Bxd3 Bxd3 22. Ne4 Bxe4 23. Rxe4 c5 24. Be3 c4 25. a4 a6 26. g3 f5 27. Rd4
Be5 28. Rxd8+ Rxd8 29. axb5 axb5 30. Ra5 Rd5 31. Kf1 Ke7 32. Ke2 Bf6 33. h4 Kd7
34. Ra7+ Kc6 35. Ra6+ Kb7 36. Rb6+ Kc7 37. Kf3 Be5 38. Ra6 Kb7 39. Rb6+ Kc8 40.
Ra6 Rd7 1/2-1/2

[Event "Commonwealth Chess Championship 2008"]
[Site "Nagpur India"]
[Date "2008.09.30"]
[Round "?"]
[White "Dibyendu, Barua"]
[Black "J, Ramakrishna"]
[Result "1/2-1/2"]
[WhiteElo "2497"]
[BlackElo "2321"]
[PlyCount "75"]
[EventDate "2008.09.28"]
[Source "MonRoi"]

1. e4 c5 2. Nf3 d6 3. d4 cxd4 4. Nxd4 Nf6 5. Nc3 Nc6 6. Be2 g6 7. O-O Bg7 8.
Nb3 O-O 9. Bg5 a6 10. Re1 b5 11. Bf1 h6 12. Bh4 Bb7 13. a4 b4 14. Nd5 Nd7 15.
c3 bxc3 16. Nxc3 g5 17. Bg3 Nde5 18. h4 e6 19. hxg5 hxg5 20. a5 Bf6 21. Qd2 Kg7
22. Red1 Be7 23. Nd4 Nxa5 24. Nd5 Nac4 25. Qb4 Bxd5 26. exd5 Qb8 27. Qe1 Qxb2
28. Rab1 Qa3 29. Rb7 Rae8 30. dxe6 f5 31. Bxc4 f4 32. Bh2 Nxc4 33. Qe4 Ne5 34.
Nf5+ Kf6 35. Nd4 Kg7 36. Rc7 Rf6 37. Nf5+ Kf8 38. Nd4 1/2-1/2

[Event "Commonwealth Chess Championship 2008"]
[Site "Nagpur India"]
[Date "2008.09.30"]
[Round "?"]
[White "Babu M R, Lalith"]
[Black "Prasad S, Arun"]
[Result "0-1"]
[WhiteElo "2328"]
[BlackElo "2492"]
[PlyCount "85"]
[EventDate "2008.09.28"]
[Source "MonRoi"]

1. Nf3 d5 2. d4 Nf6 3. c4 c6 4. Nc3 e6 5. Bg5 h6 6. Bh4 g5 7. Bg3 dxc4 8. e4 b5
9. Be2 Bb7 10. h4 g4 11. Ne5 Nbd7 12. Nxd7 Qxd7 13. Be5 Qe7 14. Bxg4 Rg8 15.
Bf3 O-O-O 16. O-O Nd7 17. Bg3 e5 18. d5 Nc5 19. Qe2 Nd3 20. dxc6 Bxc6 21. a4 b4
22. Nd5 Qc5 23. Bh2 f5 24. b3 Bxd5 25. exd5 Bd6 26. Rac1 Nxc1 27. Rxc1 c3 28.
Bxe5 Rge8 29. Qa6+ Kb8 30. Bxd6+ Rxd6 31. Qd3 Re5 32. g3 Kc7 33. Kg2 Rexd5 34.
Bxd5 Qxd5+ 35. Qxd5 Rxd5 36. Kf3 Rd2 37. Ke3 Rb2 38. f3 Rxb3 39. Kd3 Rb2 40. h5
Kd6 41. Kc4 c2 42. Kd3 b3 43. Kc3 0-1

[Event "Commonwealth Chess Championship 2008"]
[Site "Nagpur India"]
[Date "2008.09.30"]
[Round "?"]
[White "Sundar M, Shyam"]
[Black "Magesh Chandran, Panchanathan"]
[Result "1/2-1/2"]
[WhiteElo "2312"]
[BlackElo "2486"]
[PlyCount "84"]
[EventDate "2008.09.28"]
[Source "MonRoi"]

1. e4 e5 2. Nf3 d6 3. d4 Nd7 4. Bc4 c6 5. Nc3 Be7 6. O-O Ngf6 7. a4 O-O 8. Re1
Qc7 9. Qe2 b6 10. d5 Bb7 11. dxc6 Bxc6 12. Bg5 Rac8 13. b3 Nc5 14. Bxf6 Bxf6
15. Nd5 Bxd5 16. Bxd5 Ne6 17. Bxe6 fxe6 18. Rad1 Be7 19. c4 a6 20. Nd2 Qc5 21.
Qe3 Qb4 22. Nf1 Rf7 23. Qh3 Rf6 24. Re3 Rcf8 25. Re2 Bd8 26. Qd3 Bc7 27. f3 Rb8
28. Rc2 Rf7 29. Kh1 b5 30. axb5 axb5 31. Rdc1 Bb6 32. cxb5 Bc5 33. Qc4 Re7 34.
Qxb4 Bxb4 35. Rc8+ Re8 36. Rxe8+ Rxe8 37. b6 Rb8 38. Rc6 Bc5 39. b4 Bxb6 40.
Rxd6 Bd4 41. h4 Rxb4 42. Kh2 Rb6 1/2-1/2

[Event "Commonwealth Chess Championship 2008"]
[Site "Nagpur India"]
[Date "2008.09.30"]
[Round "?"]
[White "Khamparia, Akshat"]
[Black "Chakkravarthy J, Deepan"]
[Result "1/2-1/2"]
[WhiteElo "2305"]
[BlackElo "2464"]
[PlyCount "44"]
[EventDate "2008.09.28"]
[Source "MonRoi"]

1. d4 Nf6 2. c4 e6 3. Nc3 Bb4 4. f3 c5 5. d5 O-O 6. e4 d6 7. Nge2 a6 8. Bf4 e5
9. Bd2 Ne8 10. g4 Nd7 11. Ng3 Rb8 12. a3 Bxc3 13. Bxc3 b5 14. a4 Nc7 15. b3 Nb6
16. Bd3 bxc4 17. bxc4 Ne8 18. a5 Nd7 19. h4 f6 20. Qd2 Rf7 21. h5 Nf8 22. O-O
h6 1/2-1/2

[Event "Commonwealth Chess Championship 2008"]
[Site "Nagpur India"]
[Date "2008.09.30"]
[Round "?"]
[White "Kumar C, Praveen"]
[Black "M R, Venkatesh"]
[Result "1/2-1/2"]
[WhiteElo "2302"]
[BlackElo "2462"]
[PlyCount "39"]
[EventDate "2008.09.28"]
[Source "MonRoi"]

1. d4 Nf6 2. c4 e6 3. Nc3 Bb4 4. e3 O-O 5. Nge2 d5 6. a3 Be7 7. cxd5 Nxd5 8. g3
Nd7 9. Bg2 N5b6 10. O-O e5 11. e4 c6 12. Qc2 exd4 13. Nxd4 Ne5 14. Rd1 Bg4 15.
Nce2 Qc8 16. Nf5 Bf6 17. h3 Bxf5 18. exf5 Rd8 19. Bf4 Nec4 20. Nc3 1/2-1/2

[Event "Commonwealth Chess Championship 2008"]
[Site "Nagpur India"]
[Date "2008.09.30"]
[Round "?"]
[White "Gogineni, Rohit"]
[Black "G B, Joshi"]
[Result "1/2-1/2"]
[WhiteElo "2457"]
[BlackElo "2302"]
[PlyCount "76"]
[EventDate "2008.09.28"]
[Source "MonRoi"]

1. e4 e5 2. Nf3 Nc6 3. Bb5 a6 4. Ba4 Nf6 5. O-O Be7 6. Re1 b5 7. Bb3 O-O 8. h3
Bb7 9. d3 d6 10. a3 Nd7 11. Nc3 Nc5 12. Ba2 Ne6 13. Nd5 Kh8 14. c3 Nb8 15. d4
Nd7 16. Be3 c6 17. Nxe7 Qxe7 18. Qd2 Rad8 19. Rad1 Nf6 20. Qc2 c5 21. d5 Nc7
22. Nh4 Bc8 23. Nf5 Bxf5 24. exf5 h6 25. c4 Qd7 26. a4 Rb8 27. g4 Rb7 28. Qc1
Nh7 29. cxb5 axb5 30. b4 Na6 31. axb5 Nxb4 32. Bc4 Rxb5 33. Bxb5 Qxb5 34. Qd2
Qb7 35. Kh2 Re8 36. Rg1 f6 37. Rge1 Ng5 38. Bxg5 hxg5 1/2-1/2

[Event "Commonwealth Chess Championship 2008"]
[Site "Nagpur India"]
[Date "2008.09.30"]
[Round "?"]
[White "Kidambi, Sundararajan"]
[Black "K, Priyadharshan"]
[Result "1/2-1/2"]
[WhiteElo "2446"]
[BlackElo "2297"]
[PlyCount "112"]
[EventDate "2008.09.28"]
[Source "MonRoi"]

1. d4 Nf6 2. Nf3 e6 3. g3 c5 4. Bg2 Nc6 5. O-O Be7 6. c4 cxd4 7. Nxd4 a6 8. Nc3
Qc7 9. b3 d6 10. Bb2 Bd7 11. Rc1 Nxd4 12. Qxd4 O-O 13. Rfd1 Rfd8 14. Qe3 Be8
15. h3 Rab8 16. g4 Qc5 17. Qg3 h6 18. h4 Qa5 19. a3 Bc6 20. b4 Qb6 21. g5 Nh5
22. Qg4 g6 23. Ne4 e5 24. c5 dxc5 25. Bxe5 Rxd1+ 26. Rxd1 Rd8 27. Rxd8+ Qxd8
28. bxc5 hxg5 29. hxg5 Bxe4 30. Bxe4 Bxc5 31. Bxg6 fxg6 32. Qc4+ Kf8 33. Qxc5+
Ke8 34. Bd4 Qd7 35. Qe5+ Kf7 36. f3 b5 37. Kf2 Qh3 38. Qd5+ Qe6 39. Qb7+ Ke8
40. Qb8+ Kf7 41. Qc7+ Kg8 42. Be5 Qd5 43. f4 Qe6 44. Qd6 Kf7 45. Qxe6+ Kxe6 46.
Kf3 a5 47. e4 b4 48. axb4 axb4 49. Bb2 b3 50. Kg4 Kf7 51. Kf3 Ng7 52. Ke3 Ne6
53. Be5 Nc5 54. Bd4 Ke6 55. Bh8 Na4 56. Kd3 Nc5+ 1/2-1/2

[Event "Commonwealth Chess Championship 2008"]
[Site "Nagpur India"]
[Date "2008.09.30"]
[Round "?"]
[White "Pankaj, Joshi"]
[Black "P D S, Girinath"]
[Result "1/2-1/2"]
[WhiteElo "2281"]
[BlackElo "2423"]
[PlyCount "23"]
[EventDate "2008.09.28"]
[Source "MonRoi"]

1. d4 e6 2. Nf3 f5 3. g3 Nf6 4. Bg2 Be7 5. O-O O-O 6. c4 a5 7. Nc3 d6 8. b3 Qe8
9. Re1 Ne4 10. Nxe4 fxe4 11. Nd2 d5 12. f3 1/2-1/2

[Event "Commonwealth Chess Championship 2008"]
[Site "Nagpur India"]
[Date "2008.09.30"]
[Round "?"]
[White "Arghyadip, Das"]
[Black "Kelkar, Abhishek"]
[Result "1-0"]
[WhiteElo "2404"]
[BlackElo "2120"]
[PlyCount "61"]
[EventDate "2008.09.28"]
[Source "MonRoi"]

1. e4 c5 2. Nf3 d6 3. d4 cxd4 4. Nxd4 Nf6 5. f3 e6 6. c4 Be7 7. Nc3 a6 8. Be3
b6 9. Be2 Bb7 10. O-O Nbd7 11. Qd2 Rc8 12. Rac1 Qc7 13. b3 Qb8 14. Rfd1 O-O 15.
g4 h6 16. Bf1 Rfd8 17. h4 Nf8 18. g5 hxg5 19. hxg5 N6d7 20. f4 Nc5 21. Bg2 Qa8
22. Qc2 Ng6 23. Bh1 Re8 24. Rd2 Nxf4 25. Bxf4 e5 26. Rh2 Bf8 27. Qf2 g6 28. Qh4
Bg7 29. Nf5 gxf5 30. exf5 Bxh1 31. Qh7+ 1-0

[Event "Commonwealth Chess Championship 2008"]
[Site "Nagpur India"]
[Date "2008.09.30"]
[Round "?"]
[White "Enamul, Hossain"]
[Black "Ramana J, Venkata"]
[Result "1-0"]
[WhiteElo "2489"]
[BlackElo "2205"]
[PlyCount "115"]
[EventDate "2008.09.28"]
[Source "MonRoi"]

1. e4 g6 2. d4 c6 3. c4 Bg7 4. Nc3 d6 5. Nge2 Nd7 6. Be3 Ngf6 7. f3 h5 8. Qd2
a6 9. O-O-O Qc7 10. h3 b5 11. c5 dxc5 12. dxc5 Bf8 13. Nf4 e5 14. Nd3 a5 15.
Kb1 Be7 16. g3 Nf8 17. Bg2 Ne6 18. f4 b4 19. Na4 exf4 20. gxf4 Ba6 21. Qc2 Rd8
22. f5 Nd4 23. Bxd4 Rxd4 24. fxg6 fxg6 25. e5 Nd7 26. Nxb4 Rxd1+ 27. Rxd1 axb4
28. Qxg6+ Kf8 29. Bxc6 Nxe5 30. Qf5+ Nf7 31. Bd5 Bh4 32. Nb6 Bb5 33. Bb3 Qe7
34. Nd7+ Bxd7 35. Rxd7 Qe1+ 36. Rd1 Qf2 37. Qd3 Bf6 38. Bc2 Qxc5 39. Rf1 Qe5
40. Qb3 Qd4 41. Bg6 Nd8 42. Rd1 Qa7 43. Qxb4+ Kg7 44. Bc2 Nc6 45. Qe4 Ne5 46.
Qg2+ Kf8 47. Rf1 Ke7 48. Qe4 Qb6 49. Bb3 h4 50. Re1 Rh5 51. Qg6 Rg5 52. Qf7+
Kd8 53. Rd1+ Kc8 54. Be6+ Kb8 55. Qxf6 Rg1 56. Qxe5+ Ka7 57. Rxg1 Qxg1+ 58. Kc2
1-0

[Event "Commonwealth Chess Championship 2008"]
[Site "Nagpur India"]
[Date "2008.09.30"]
[Round "?"]
[White "Das, Neelotpal"]
[Black "Bagyashree Sathe, Thipsay"]
[Result "1-0"]
[WhiteElo "2462"]
[BlackElo "2195"]
[PlyCount "113"]
[EventDate "2008.09.28"]
[Source "MonRoi"]

1. e4 c6 2. d4 d5 3. exd5 cxd5 4. Bd3 Nc6 5. c3 Nf6 6. Bf4 Bg4 7. Nf3 e6 8.
Nbd2 Bd6 9. Bg3 O-O 10. Qb1 Qc7 11. O-O Bh5 12. Nh4 Rab8 13. Bxd6 Qxd6 14. f4
Bg6 15. Nxg6 hxg6 16. a4 Qc7 17. Kh1 Ne7 18. Qc1 Nf5 19. Nf3 Rfc8 20. Ng5 Kf8
21. Kg1 Qd6 22. Qe1 Qb6 23. Qe2 Qd6 24. Rae1 a6 25. Ra1 Rc6 26. Nf3 Qe7 27. Ne5
Rc7 28. g4 Nh4 29. Rae1 Kg8 30. Kf2 Nd7 31. Kg3 Nf8 32. Bb1 b5 33. axb5 axb5
34. Nd3 g5 35. fxg5 Qxg5 36. Qe5 Qxe5+ 37. Rxe5 Nhg6 38. Re2 Ne7 39. Nc5 Rb6
40. Bd3 Ra7 41. Ref2 Nc8 42. g5 Nd6 43. b4 Ra3 44. Rf3 Rb8 45. h4 g6 46. Bb1
Kg7 47. Kg4 Rba8 48. h5 gxh5+ 49. Kxh5 Re8 50. Kg4 Re7 51. Rh1 Ne8 52. Rc1 e5
53. dxe5 Rxe5 54. Nd3 Re4+ 55. Nf4 Rc4 56. Bd3 Rcxc3 57. Nh5+ 1-0

[Event "Commonwealth Chess Championship 2008"]
[Site "Nagpur India"]
[Date "2008.09.30"]
[Round "?"]
[White "E P, Nirmal"]
[Black "K, Rathnakaran"]
[Result "1/2-1/2"]
[WhiteElo "2211"]
[BlackElo "2453"]
[PlyCount "30"]
[EventDate "2008.09.28"]
[Source "MonRoi"]

{=} 1. e4 e6 2. d4 d5 3. exd5 exd5 4. Nf3 Bd6 5. c4 c6 6. cxd5 cxd5 7. Nc3 Ne7
8. Be2 Nbc6 9. O-O O-O 10. Re1 Bf5 11. Bg5 f6 12. Bh4 Qd7 13. Bg3 Bxg3 14. hxg3
Rae8 15. Rc1 Bg6 () 1/2-1/2

[Event "Commonwealth Chess Championship 2008"]
[Site "Nagpur India"]
[Date "2008.09.30"]
[Round "?"]
[White "Kumar, Vinoth"]
[Black "M  S, Thejkumar"]
[Result "1-0"]
[WhiteElo "2202"]
[BlackElo "2441"]
[PlyCount "76"]
[EventDate "2008.09.28"]
[Source "MonRoi"]

1. d4 d5 2. Nf3 Nf6 3. Bf4 c6 4. e3 Qb6 5. b3 a5 6. a3 Bf5 7. Nh4 Bg4 8. f3 Be6
9. g4 g6 10. Nc3 Nbd7 11. Be2 Bg7 12. O-O h5 13. g5 Nh7 14. Kh1 Bh3 15. Rg1 e5
16. dxe5 Nxe5 17. Rg3 Be6 18. Qd2 Rd8 19. Re1 O-O 20. Nd1 d4 21. e4 Nd7 22. Nb2
Qc5 23. Bc7 Rc8 24. Bxa5 Qxa3 25. Nc4 Qe7 26. f4 b5 27. f5 bxc4 28. fxe6 Qxe6
29. Bxc4 Qd6 30. Nf5 gxf5 31. g6 Nhf6 32. gxf7+ Rxf7 33. Qg5 Ng4 34. Qxf5 Rcf8
35. Qxh5 Nge5 36. Bc7 Qf6 37. Reg1 Nxc4 38. Rh3 Rc8 1-0

[Event "Commonwealth Chess Championship 2008"]
[Site "Nagpur India"]
[Date "2008.09.30"]
[Round "?"]
[White "R  Rajpara, Ankit"]
[Black "Niaz, Murshed"]
[Result "0-1"]
[WhiteElo "2194"]
[BlackElo "2437"]
[PlyCount "68"]
[EventDate "2008.09.28"]
[Source "MonRoi"]

1. d4 Nf6 2. Nf3 d5 3. e3 c5 4. c3 e6 5. Bd3 Nc6 6. Nbd2 Be7 7. O-O O-O 8. dxc5
Bxc5 9. e4 Bb6 10. Qe2 Bc7 11. Re1 Re8 12. Bc2 h6 13. Qd3 e5 14. exd5 Qxd5 15.
Ne4 Qxd3 16. Nxf6+ gxf6 17. Bxd3 Kg7 18. Nh4 Ne7 19. Re3 f5 20. Bc4 e4 21. g4
Bd7 22. Re1 fxg4 23. Rxe4 Ng6 24. Rxe8 Rxe8 25. Nxg6 Re1+ 26. Kg2 Kxg6 27. Bd5
Bc6 28. Bxc6 bxc6 29. b3 Bb6 30. Kg3 Kf5 31. h3 h5 32. hxg4+ hxg4 33. a4 Rg1+
34. Kh2 Bxf2 0-1

[Event "Commonwealth Chess Championship 2008"]
[Site "Nagpur India"]
[Date "2008.09.30"]
[Round "?"]
[White "P, Priya"]
[Black "Jha, Sriram"]
[Result "1-0"]
[WhiteElo "2190"]
[BlackElo "2428"]
[PlyCount "95"]
[EventDate "2008.09.28"]
[Source "MonRoi"]

1. e4 c5 2. Nc3 a6 3. Nf3 d6 4. d4 cxd4 5. Nxd4 Nf6 6. Be2 e5 7. Nb3 Be7 8. Be3
O-O 9. g4 Be6 10. g5 Ne8 11. Qd2 Nd7 12. O-O-O f5 13. exf5 Bxf5 14. Bf3 Nc7 15.
Bxb7 Rb8 16. Na5 Qe8 17. Nd5 Nxd5 18. Qxd5+ Kh8 19. Nc6 Nb6 20. Bxb6 Bxg5+ 21.
Be3 Bxe3+ 22. fxe3 Rxb7 23. Qxd6 Rb6 24. Qxf8+ Qxf8 25. Rd8 Qxd8 26. Nxd8 Kg8
27. Rf1 g6 28. b3 e4 29. c4 Kf8 30. Rd1 Ke8 31. Rd4 h5 32. Kc2 h4 33. Kc3 h3
34. b4 g5 35. Rd5 Bd7 36. Nf7 Kxf7 37. Rxd7+ Kg6 38. a4 g4 39. Rd2 Rf6 40. b5
Rf1 41. Rb2 axb5 42. axb5 Re1 43. b6 Rxe3+ 44. Kd4 Rd3+ 45. Kxe4 Rd8 46. c5 Kg5
47. b7 g3 48. hxg3 1-0

[Event "Commonwealth Chess Championship 2008"]
[Site "Nagpur India"]
[Date "2008.09.30"]
[Round "?"]
[White "Sharma, Himanshu"]
[Black "Vinod, Bhagwat"]
[Result "1/2-1/2"]
[WhiteElo "2423"]
[BlackElo "2187"]
[PlyCount "117"]
[EventDate "2008.09.28"]
[Source "MonRoi"]

1. e4 c5 2. Nc3 Nc6 3. g3 e6 4. Bg2 g6 5. d3 Bg7 6. f4 Nge7 7. Nf3 d5 8. e5 Nd4
9. O-O O-O 10. Ne2 Nxf3+ 11. Rxf3 d4 12. Qe1 b6 13. g4 Bb7 14. Rh3 Bxg2 15.
Kxg2 h6 16. Ng3 Nd5 17. Bd2 f5 18. gxf5 exf5 19. Qe2 Nc7 20. Kf2 Qd5 21. Rg1
Kh7 22. Nf1 Rg8 23. b3 Bf8 24. Ke1 Ne6 25. Kd1 a5 26. a4 b5 27. Qf3 Qxf3+ 28.
Rxf3 bxa4 29. bxa4 Be7 30. Be1 Rgb8 31. Nd2 Rb4 32. Nb3 Rxa4 33. Rfg3 Nf8 34.
Kc1 Bh4 35. Nxc5 Ra1+ 36. Kb2 Rd1 37. Bf2 Rb8+ 38. Ka2 Rd2 39. Bxd4 Rxc2+ 40.
Ka1 Be7 41. Rb1 Rxb1+ 42. Kxb1 Bxc5 43. Kxc2 Bxd4 44. Kb3 Ne6 45. Kc4 Kg7 46.
Rf3 a4 47. Kb4 Nc5 48. Kc4 Ne6 49. Kb4 Nc5 50. Kc4 a3 51. Kxd4 a2 52. Rf1 Nb3+
53. Kc3 a1=Q+ 54. Rxa1 Nxa1 55. h4 g5 56. fxg5 hxg5 57. hxg5 f4 58. Kd4 Nb3+
59. Ke4 1/2-1/2

[Event "COMMONWEALTH CHESS CHAMPIONSHI"]
[Site "Nagpur,India"]
[Date "2008.09.30"]
[Round "4.32"]
[White "Konguvel, Ponnuswamy"]
[Black "Dhar-Barua, Saheli"]
[Result "1-0"]
[WhiteElo "2415"]
[BlackElo "2180"]
[PlyCount "84"]
[EventDate "2008.09.28"]
[Source "MonRoi"]

1. e4 e6 2. d4 d5 3. Nc3 Bb4 4. e5 c5 5. a3 Bxc3+ 6. bxc3 Ne7 7. Qg4 Qc7 8.
Qxg7 Rg8 9. Qxh7 cxd4 10. Ne2 Nbc6 11. f4 Bd7 12. Qd3 dxc3 13. Rb1 O-O-O 14.
Rg1 Nf5 15. g4 Nh4 16. Nxc3 Na5 17. Nb5 Bxb5 18. Rxb5 Nc4 19. Rg3 a6 20. Rb3 f6
21. Qd4 fxe5 22. Qa7 exf4 23. Bxf4 e5 24. Bd2 Rd6 25. Bh3 Qb8 26. g5+ Kc7 27.
Qc5+ Kd8 28. Bb4 e4 29. Rbc3 Nf3+ 30. Rgxf3 exf3 31. Rxc4 dxc4 32. Qxd6+ Qxd6
33. Bxd6 Rxg5 34. Kf2 Rd5 35. Bf4 Ra5 36. Bc1 Rh5 37. Kg3 b5 38. Be3 Kc7 39.
Bg4 Rh8 40. Bxf3 a5 41. Bd2 Kb6 42. h4 Rd8 1-0

[Event "COMMONWEALTH CHESS CHAMPIONSHI"]
[Site "Nagpur,India"]
[Date "2008.09.30"]
[Round "4.33"]
[White "Pon, N  Krithika"]
[Black "Saptarshi, Roy"]
[Result "0-1"]
[WhiteElo "2156"]
[BlackElo "2404"]
[PlyCount "90"]
[EventDate "2008.09.28"]
[Source "MonRoi"]

1. e4 e5 2. Nf3 Nc6 3. Bb5 a6 4. Ba4 Nf6 5. d4 exd4 6. e5 Ne4 7. O-O Nc5 8.
Bxc6 dxc6 9. Nxd4 Ne6 10. Nxe6 Bxe6 11. Qe2 Qh4 12. Rd1 Qc4 13. Qxc4 Bxc4 14.
Be3 Be7 15. Nd2 Be6 16. c3 O-O-O 17. a3 Rd5 18. Nf3 Rhd8 19. Re1 c5 20. h3 h6
21. Kh2 b6 22. Rac1 Kb7 23. c4 Rd3 24. Re2 Rb3 25. Ne1 Kc6 26. f4 b5 27. cxb5+
axb5 28. Bf2 c4 29. g4 g6 30. Be3 Kb7 31. Rc3 Rd1 32. Rxb3 cxb3 33. Nf3 c5 34.
Rd2 Rb1 35. Kg3 c4 36. Bd4 b4 37. axb4 Bxb4 38. Rg2 Rd1 39. Be3 c3 40. Nd4 Rd3
41. Kf2 c2 42. Ne2 Bd2 43. Rg3 Bc4 44. Nc1 Rxe3 45. Rxe3 Bxc1 0-1

[Event "COMMONWEALTH CHESS CHAMPIONSHI"]
[Site "Nagpur,India"]
[Date "2008.09.30"]
[Round "4.35"]
[White "Shiven, Khosla"]
[Black "Swapnil, S  Dhopade"]
[Result "1/2-1/2"]
[WhiteElo "2141"]
[BlackElo "2389"]
[PlyCount "60"]
[EventDate "2008.09.28"]
[Source "MonRoi"]

1. e4 c6 2. d4 d5 3. Nc3 dxe4 4. Nxe4 Bf5 5. Ng3 Bg6 6. h4 h6 7. Nf3 Nf6 8. Ne5
Bh7 9. Bc4 e6 10. Nh5 Nbd7 11. Bf4 Nxe5 12. Bxe5 Nxh5 13. Qxh5 Bxc2 14. O-O Bg6
15. Qg4 h5 16. Qg3 Qd7 17. Rfe1 O-O-O 18. Qb3 Bd6 19. Bxg7 Rhg8 20. Bf6 Rde8
21. g3 Bf5 22. Bf1 Rg6 23. Be5 f6 24. Bxd6 Qxd6 25. Rad1 Reg8 26. Bg2 Rg4 27.
Qe3 Kb8 28. Kh1 R4g6 29. Rd2 Bg4 30. a3 Rd8 1/2-1/2

[Event "COMMONWEALTH CHESS CHAMPIONSHI"]
[Site "Nagpur,India"]
[Date "2008.09.30"]
[Round "4.36"]
[White "Pranav, Shetty"]
[Black "Mas, Hafizulhelmi"]
[Result "1/2-1/2"]
[WhiteElo "2138"]
[BlackElo "2385"]
[PlyCount "102"]
[EventDate "2008.09.28"]
[Source "MonRoi"]

1. e4 c5 2. Nf3 d6 3. d4 cxd4 4. Nxd4 Nf6 5. Nc3 a6 6. Bc4 e6 7. Bb3 b5 8. Bg5
Be7 9. Qf3 Qc7 10. O-O-O Nbd7 11. Bxf6 Nxf6 12. g4 O-O 13. g5 Nd7 14. g6 Bg5+
15. Kb1 hxg6 16. Qg3 Bh6 17. Bxe6 fxe6 18. Nxe6 Qa7 19. Nxf8 Nxf8 20. Rxd6 Qe7
21. Nd5 Qf7 22. Rc6 Bd7 23. Rb6 Be6 24. Qd6 Qf3 25. Re1 Qxf2 26. Qg3 Qd2 27.
Rd6 Bxd5 28. Rxd5 Qb4 29. a3 Qe7 30. e5 Ne6 31. Qxg6 Re8 32. Rd6 Ng5 33. Qd3 a5
34. Qxb5 Rc8 35. Qxa5 Kh8 36. Qd5 Qf8 37. Rd1 Qf2 38. Rd8+ Rxd8 39. Qxd8+ Kh7
40. Qd3+ g6 41. Qd5 Qe2 42. Rd2 Qe1+ 43. Rd1 Qe2 44. h4 Nf3 45. Qf7+ Bg7 46.
Rd7 Qxe5 47. Rb7 Nxh4 48. Qe7 Qd4 49. Qb4 Qd1+ 50. Ka2 Nf5 51. Qc5 Kh6 1/2-1/2

[Event "COMMONWEALTH CHESS CHAMPIONSHI"]
[Site "Nagpur,India"]
[Date "2008.09.30"]
[Round "4.37"]
[White "Shyam, Nikil P"]
[Black "Das, Sayantan"]
[Result "1/2-1/2"]
[WhiteElo "2364"]
[BlackElo "2135"]
[PlyCount "101"]
[EventDate "2008.09.28"]
[Source "MonRoi"]

1. e4 e5 2. Nf3 Nc6 3. Bc4 Nf6 4. d3 Be7 5. O-O O-O 6. c3 d6 7. Bb3 Kh8 8. Nbd2
Ng8 9. d4 f5 10. d5 Nb8 11. exf5 Bxf5 12. Bc2 Bg4 13. h3 Bh5 14. g4 Bf7 15. Ne4
Nf6 16. Nfg5 Nxe4 17. Nxe4 c6 18. Bb3 Bg6 19. Qe2 Nd7 20. Re1 Qc7 21. Ng3 Nb6
22. c4 a5 23. a4 Bh4 24. Kg2 Nd7 25. Ra3 e4 26. Bc2 Nc5 27. Be3 Nd3 28. Nf5
Bxf5 29. gxf5 Bxf2 30. Bxd3 Bxe3 31. Bxe4 cxd5 32. Bxd5 Bg5 33. Qg4 Qb6 34. Rb1
Bf6 35. Qf3 Qb4 36. Rd3 Rfe8 37. Rb3 Qxa4 38. Rxb7 Re5 39. Rb5 Bg5 40. Rf1 Re3
41. Qd1 Qxd1 42. Rxd1 a4 43. Bf3 Bf6 44. Rxd6 Rb3 45. Rxb3 axb3 46. Rb6 Bxb2
47. Rxb3 Bd4 48. Rb5 Rc8 49. Bd5 g6 50. Be6 Rc7 51. Rd5 1/2-1/2

[Event "COMMONWEALTH CHESS CHAMPIONSHI"]
[Site "Nagpur,India"]
[Date "2008.09.30"]
[Round "4.40"]
[White "Fenil, Shah"]
[Black "Minhazuddin, Ahmed"]
[Result "1-0"]
[WhiteElo "2129"]
[BlackElo "2339"]
[PlyCount "105"]
[EventDate "2008.09.28"]
[Source "MonRoi"]

1. e4 e5 2. Bc4 Nf6 3. d3 c6 4. Nf3 d5 5. Bb3 Qc7 6. Nc3 Bb4 7. Bd2 Bxc3 8.
Bxc3 d4 9. Bd2 O-O 10. h3 c5 11. Qe2 a5 12. a3 Ne8 13. O-O Be6 14. Bxe6 fxe6
15. Ng5 Qe7 16. Qg4 Ra6 17. f4 h6 18. fxe5 Nd7 19. Rxf8+ Nxf8 20. Nf3 Rb6 21.
Rb1 c4 22. Bxa5 Rb5 23. Bb4 Rxb4 24. axb4 Qxb4 25. Nxd4 Qc5 26. c3 cxd3 27. Qg3
Nd7 28. Qxd3 Nc7 29. b4 Qa7 30. Kh1 Qa2 31. Rf1 Kh7 32. Qe2 Qa4 33. Qc2 Qa8 34.
Nf3 Nf8 35. Qd3 Ng6 36. Qd6 Qc8 37. Rd1 Nb5 38. Qd3 Na3 39. b5 Nf4 40. Qd2 Ng6
41. Qd6 Nxb5 42. Qb4 Na7 43. Qd4 Nb5 44. Qd3 Na3 45. Qd7 Qc4 46. Qxb7 Nf4 47.
Qf7 Nd3 48. Qa7 Nc2 49. Qg1 Qxc3 50. Qf1 Nxe5 51. Nxe5 Ne3 52. Rd3 Qxe5 53.
Rxe3 1-0

[Event "COMMONWEALTH CHESS CHAMPIONSHI"]
[Site "Nagpur,India"]
[Date "2008.09.30"]
[Round "4.41"]
[White "Tejas Ravichandran"]
[Black "Meenakshi, Subbaraman"]
[Result "0-1"]
[WhiteElo "2123"]
[BlackElo "2336"]
[PlyCount "76"]
[EventDate "2008.09.28"]
[Source "MonRoi"]

1. Nf3 Nf6 2. c4 d6 3. d4 g6 4. b4 Bg7 5. Bb2 O-O 6. e3 c6 7. Be2 a5 8. b5 cxb5
9. cxb5 Nbd7 10. Nbd2 d5 11. O-O a4 12. Ba3 Nb6 13. Rc1 Ne8 14. Ne5 Nd6 15. Bb4
Bf5 16. Rc5 Re8 17. Bf3 f6 18. g4 fxe5 19. gxf5 e4 20. Bg4 Nxf5 21. Bxf5 gxf5
22. Qh5 e6 23. Kh1 Qd7 24. Rg1 Rac8 25. a3 Kh8 26. Rg3 Rg8 27. Qh4 Qf7 28. f4
Bf6 29. Qh3 Rxg3 30. Rxc8+ Nxc8 31. hxg3 Be7 32. Bxe7 Qxe7 33. Nb1 Nd6 34. Qf1
Nc4 35. Qc1 Qe8 36. Nc3 Qh5+ 37. Kg2 Qf3+ 38. Kh3 Nxe3 0-1